| 000 -ლიდერი |
| ფიქსირებული სიგრძის საკონტროლო ველი |
01184nam a22002297a 4500 |
| 003 - საკონტროლო ნომრის იდენტიფიკატორი |
| საკონტროლო ველი |
Ge_BSU |
| 005 - ბოლო ოპერაციის თარიღი და დრო |
| საკონტროლო ველი |
20250515101554.0 |
| 008 - ფიქსირებული სიგრძის მონაცემთა ელემენტები - ზოგადი ინფორმაცია |
| ფიქსირებული სიგრძის საკონტროლო ველი |
250515s2014 ge ||||| |||| 00| 0 geo d |
| 020 ## - წიგნის საერთაშორისო სტანდარტული ნომერი |
| International Standard Book Number |
9789941133466 |
| 041 ## - ენის კოდი |
| Language code of text/sound track or separate title |
geo |
| 080 ## - უნივერსალური ათობითი კლასიფიკაციის ინდექსი |
| Universal Decimal Classification number |
544.7(075.8) რ-97 |
| 100 ## - მთავარი ჩანაწერი - პიროვნების სახელი |
| Personal name |
რუხაძე, მარინა |
| 9 (RLIN) |
25045 |
| 245 ## - ცნობა სათაურის შესახებ |
| Title |
კოლოიდური ქიმიის საფუძვლები : |
| Remainder of title |
[სახელმძღვ.] / |
| Statement of responsibility, etc |
მარინა რუხაძე, შოთა სიდამონიძე; რედ. მაკა ალექსიშვილი; ივანე ჯავახიშვილის სახ. თსუ. |
| 264 ## - წარმოების, გამოცემის, დისტრიბუციის და სხვა ცნობები |
| გამოცემის, წარმოების, დისტრიბუციის... ადგილი |
თბილისი : |
| გამოცემის, წარმოების, დისტრიბუციის... სახელწოდება |
თბილ. უნ-ტის გამ-ბა, |
| გამოცემის, წარმოების, დისტრიბუციის... თარიღი |
2014. |
| 300 ## - ფიზიკური აღწერა |
| Extent |
204 გვ. : |
| Other physical details |
ნახ. ; |
| Dimensions |
24 სმ. |
| 504 ## - BIBLIOGRAPHY, ETC. NOTE |
| Bibliography, etc |
ბიბლიოგრ.: გვ. 202. |
| 653 ## - INDEX TERM--UNCONTROLLED |
| Uncontrolled term |
კოლოიდური ქიმია |
| 700 ## - ADDED ENTRY--PERSONAL NAME |
| Personal name |
სიდამონიძე, შოთა |
| Relator term |
ავტორი |
| 9 (RLIN) |
2671 |
| 700 ## - ADDED ENTRY--PERSONAL NAME |
| Personal name |
ალექსიშვილი, მაკა |
| Relator term |
რედაქტორი |
| 9 (RLIN) |
25046 |
| 710 ## - ADDED ENTRY--CORPORATE NAME |
| Corporate name or jurisdiction name as entry element |
თსუ. |
| 9 (RLIN) |
25047 |
| 942 ## - ADDED ENTRY ELEMENTS (KOHA) |
| Source of classification or shelving scheme |
|
| Koha item type |
წიგნი |